header

Ruined by this miserable war (Record no. 34026)

MARC details
000 -LEADER
fixed length control field 02058nam a2200445Ia 4500
082 04 - DEWEY DECIMAL CLASSIFICATION NUMBER
Classification number 973.7
100 1# - MAIN ENTRY--AUTHOR NAME
Personal name Fauconnet, Charles Prosper,
245 10 - TITLE STATEMENT
Title Ruined by this miserable war
250 ## - EDITION STATEMENT
Edition statement 1st ed.
260 ## - PUBLICATION, DISTRIBUTION, ETC. (IMPRINT)
Place of publication Knoxville :
Name of publisher University of Tennessee Press,
Year of publication c2012.
300 ## - PHYSICAL DESCRIPTION
Number of Pages xxv, 243 p. :
Other physical details ill.
490 0# - SERIES STATEMENT
Series statement Voices of the Civil War
650 #0 - SUBJECT ADDED ENTRY--TOPICAL TERM
Topical Term Diplomatic and consular service, French
Topical Term French
Topical Term Reconstruction (U.S. history, 1865-1877)
700 1# - ADDED ENTRY--PERSONAL NAME
Personal name Brasseaux, Carl A.
Personal name Mooney, Katherine Carmines.
856 40 - ELECTRONIC LOCATION AND ACCESS
Uniform Resource Identifier http://site.ebrary.com/lib/rucke/Doc?id=10643395

No items available.

© 2026 Rongo University
Contact us: librarian | system librarian | Rongo university